Statistics for "Miluji Tě" v různých jazycích

Click here to take the quiz!

General Stats

  • This quiz has been taken 137 times
  • The average score is 16 of 34

Answer Stats

Miluji TěJazyk (Čeština)% Correct
I love youAngličtina
100%
Ich liebe dichNěmčina
100%
Ľúbim ťaSlovenština
90%
Je t’aimeFrancouzština
87%
Te amoPortugalština/Latina/Španělština
86%
Ti amoItalština
81%
Я тебя люблю (Ya tebya lyublyu)Ruština
70%
Kocham cięPolština
69%
Ljubim teSlovinština
68%
我愛你 (Ngo oiy ney a)Kantonština
60%
Jeg elsker degNorština
60%
jag älskar digŠvédština
58%
Σε αγαπώ (Se agapó)Řečtina
56%
Jeg elsker digDánština
53%
愛してます (Aishitemasu)Japonština
52%
사랑해요 (salanghaeyo)Korejština
51%
أحبك (uhibek)Arabština
48%
我愛你 (Wǒ ài nǐ)Standardní Čínština
47%
SzeretlekMaďarština
46%
Tôi yêu bạnVietnamština
31%
Aloha wau iā ʻoeHavajština
29%
Обичам те (Obicham te)Bulharština
28%
אני אוהב אותך (ani ohev otkha)Hebrejština
28%
ฉันรักคุณ (C̄hạn rạk khuṇ)Thajština
28%
Волим те (Volim te)Chorvatština/Srbština/Bosenština
26%
Ég elska þigIslandština
25%
Ik houd van jeNizozemština
25%
Te iubescRumunština
17%
Minä rakastan sinuaFinština
16%
Seni seviyorumTurečtina
13%
Unë të duaAlbánština
8%
Aš tave myliuLitevština
8%
Mi amas vinEsperanto
2%
Ayóó'ánííníshníNavažština
2%

Score Distribution

Percentile by Number Answered

Percent of People with Each Score

Your Score History

You have not taken this quiz